00520cam a22001931 4500001001300000003000400013005001700017008004100034010001700075035002000092040003600112042001200148050001900160100003300179245003900212260004100251300001900292999001500311af 47006766 DLC20260227110838.0890112s1945 fr 000 0 fre c aaf 47006766  a(OCoLC)19010308 aChicago. Univ. LibrarycCUdDLC apremarc00aPQ2643.E43bL61 aVendel, Henri Joseph,d1892-10aLorsque l'enfant portait le monde. aParis,bÉditions du Pavoisc[1945] a142 p.c19 cm. c3678d3678